| 000 | 00806nam a2200253Ia 4500 | ||
|---|---|---|---|
| 003 | OSt | ||
| 005 | 20220918170814.0 | ||
| 006 | a|||||r|||| 00| 0 | ||
| 007 | ta | ||
| 008 | 220917b |||||||| |||| 00| 0 eng d | ||
| 020 |
_a9780521895590 (hbk) _c4414.85 |
||
| 024 | _a238,838 | ||
| 037 |
_b28183, 17/08/2009, Segment Book Distributors _cTextual |
||
| 040 |
_aARTS _cARTS _beng |
||
| 041 |
_2eng _aeng |
||
| 082 | _aP:33(Y), P8 | ||
| 100 |
_aVan Dijk Teun A _931350 |
||
| 245 | 0 |
_aDiscourse and context _b A sociocognitive approach |
|
| 260 |
_aCambridge _bCambridge University Press UK _c2008 |
||
| 300 |
_axiii,267p. _ccm. |
||
| 650 | _aLINGUISTICS | ||
| 942 |
_hP:33(Y), P8 _cTEXL _2CC |
||
| 999 |
_c135922 _d135922 |
||